000 00626nam a2200193 i 4500
001 151078
003 ES-MaACL
005 20230906203828.0
007 t|
008 071204s1576 fr ||||1| lat d
100 1 _aBigne, Marguerin de la (
_d1546-1590)
_969129
245 1 0 _aSacrae bibliothecae sanctorum patrum ... /
_cper Margarinum de la Bigne.
260 _aParisiis :
_bapud Michaelem Sonnium,
_c1576.
300 _a3 v. ;
_c35 cm.
500 _aTít. expurgado: "Bibliothecae veterum patrum..."
500 _a8 tomos en 3 vol.
650 _aPatrística.
_915895
852 _aES-MaACL
_jR-1544-46
_x Olim: G-2977-8
999 _c151078
_d151078